000 00363nam a22001457a 4500
003 OSt
008 190516b ||||| |||| 00| 0 eng d
020 _a9789381450673
082 _a551.6
_bLEN/CL
100 _aLenka, S
_94051
245 _aClimate change and natural resource management
260 _aNew Delhi
_bNew India
_c2013
300 _a367 p.
942 _cBK
999 _c15571
_d15571